High School Musicals Quiz Stats

Quiz not verified by Sporcle

Challenge
Share
Tweet
Score 0/31 Timer 10:00
0 Plays Today
% Correct
Grease
89.3%
Peter Pan
84.7%
Beauty and the Beast
82.4%
Cinderella
81.7%
Hairspray
80.9%
Annie
80.9%
Aladdin
80.9%
Mary Poppins
77.1%
Little Mermaid
76.3%
Cats
74%
Phantom of the Opera
74%
Sound of Music
73.3%
Shrek
70.2%
Addams Family
65.6%
Joseph
63.4%
Les Miserables
62.6%
% Correct
Chicago
58%
Fiddler on the Roof
57.3%
Into the Woods
52.7%
Little Shop of Horrors
48.1%
Sweeney Todd
48.1%
Rent
48.1%
The Music Man
46.6%
Seussical
46.6%
You're a Good Man Charlie Brown
44.3%
The King and I
43.5%
Oklahoma
43.5%
A Chorus Line
42.7%
West Side Story
29%
Anything Goes
28.2%
Pippin
16.8%

You're not logged in!

Compare scores with friends on all Sporcle quizzes.
Join for Free
OR
Log In

You Might Also Like...

Show Comments

Extras

Top Quizzes Today


Score Distribution

Your Account Isn't Verified!

In order to create a playlist on Sporcle, you need to verify the email address you used during registration. Go to your Sporcle Settings to finish the process.

Report this User

Report this user for behavior that violates our Community Guidelines.

Details: